000 00860nam2a22002411 4500
001 rc\4098419
005 20130415163433.1
035 _a(NLR Aleph) 007973667
090 _a8475539
_c8475539
100 _a20130415d1953 |||y0rusy50 ca
101 0 _arus
102 _aRU
105 _ay z |||||
200 1 _aОпыт планирования и определения результатов работы хозрасчетного отдела металлоснабжения [Автозавода им. Молотова]
210 _d1953
225 1 _a...
_v№ К-53-100
461 0 _1001rc\4098387
_12001#$aПериодическая информация$eТема №-$vТема № 3 [2]
700 1 _aАдестов
_bН. А.
801 0 _aRU
_bNLR
_gpsbo
801 1 _aRU
_bELAR
_2rusmarc
852 _aNLR
_jТ10 Г-8/85
942 _cBOOK
980 _aNB